000 00650nam a2200181Ii 4500
003 JO-AjNU
008 230605s9999||||xx |||||||||||||| ||und||
040 _aJO-AjNU
_bara
_erda
_cJO-AjNU
041 _aara
050 1 4 _aHG3361.A8.B36.2014
100 3 _aالبنك الإسلامي الإردني,
_eauthor
_956614
245 0 0 _aالبنك الإسلامي الأردني، التقرير السنوي السادس والثلاثون 2014
264 3 1 _aعمان: البنك الإسلامي الإردني، 2014
300 _a188ص
336 _atext
_btxt
_2rdacontent
337 _aunmediated
_bn
_2rdamedia
338 _avolume
_bnc
_2rdacarrier
999 _aA25320
_c28888
_d28888